NPB 日本プロ野球 この選手は誰? 助っ人外国人編 - Statistics

General Stats
  • This quiz has been taken 545 times
  • The average score is 6 of 13
Answer Stats
ヒント 選手名 % Correct
1:打点 1092:本塁打 47 3:打率 .389 ランディ・バース
94%
1:打率 .3302:長打率 .779 3:本塁打 60 ウラディミール・バレンティン
92%
1:防御率 1.092:奪三振 102 3:セーブ 54 デニス・サファテ
82%
1:打率 .3362:出塁率 .467 3:本塁打 55 アレックス・カブレラ
79%
1:打率 .3272:打点 131 3:本塁打 55 タフィ・ローズ
79%
1:本塁打 24(2002年)2:本塁打 29(2007年) 3:本塁打 19(2012年) アレックス・ラミレス
41%
1:奪三振 48(2010年)2:奪三振 166(2012年) 3:奪三振 226(2014年) ランディ・メッセンジャー
40%
1:打率 .308(1992年)2:打率 .355(1995年) 3:打率 .255(1998年) アロンゾ・パウエル
22%
1:防御率 5.74(2019年)
2:防御率 2.24(2020年) 3:防御率 1.16(2021年)
ロベルト・スアレス
20%
1:打率 .288 ホセ・ロペス
5%
1:登板 53 リバン・モイネロ
5%
1:防御率 5.01 ドミンゴ・グスマン
3%
1:本塁打 15 ウォーレン・クロマティ
1%
No matching quizzes found
Score Distribution
Percent of People with Each Score
Percentile by Number Answered
Your Score History
You have not taken this quiz